Novela zákona o konkurze a vyrovnaní sprísnila pravidlá predovšetkým dlžníkovi

Bibliographic Details
Main Author: Čikovský, Konštantín (Author)
Format: Article
Language:Slovak
ISSN:1335-0684
Subjects:

MARC

LEADER 00000nab a2200000 a 4500
001 vtls000660079
003 SK-MaSNL
005 20260302191255.0
008 180207c1998 xo 0 slo
015 |a SNBRB1998/06-16484 
035 |a CLN000012271 
040 |a SNKBUCL  |b slo  |c SNKBUCL  |e AACR2 
041 0 |a slo 
044 |a xo  |c SK 
080 |a 347.736  |2 UDC-MRF-SK2 
080 |a 658.155:347.736  |2 UDC-MRF-SK2 
100 1 |a Čikovský, Konštantín  |4 aut  |9 673100 
245 1 0 |a Novela zákona o konkurze a vyrovnaní sprísnila pravidlá predovšetkým dlžníkovi  |c Konštantín Čikovský 
650 0 7 |a konkurz (právo)  |x vyrovnanie (právo)  |x zákony  |x novelizácia  |2 snkbucl  |9 894173 
650 0 7 |a vyrovnanie (právo)  |2 snkbucl  |9 4616 
655 7 |a články z novín a časopisov  |2 snkbucl  |9 267496 
773 0 |x 1335-0684  |t Trend  |g Roč. 8, č. 23 (1998), s. 19A 
850 |a Slovenská národná knižnica v Martine 
852 |a SNK  |b KIS3GCP 
958 |a RBX 
999 |c 1436639  |d 1438569